| 000 | 00000nas 2200000zi 4500 |
| 001 | 9.505401 |
| 003 | CaOODSP |
| 005 | 20240812150243 |
| 006 | m o d f |
| 007 | cr ||||||||||| |
| 008 | 150406c20019999onc x p o f0 a0eng|d |
| 022 | |a1496-7855 |
| 040 | |aCaOODSP|beng|erda|cCaOODSP |
| 043 | |an-cn--- |
| 086 | 1 |aFo122-1E-PDF |
| 222 | 0|aFrontline express |b(Online) |
| 245 | 00|aFrontline express. |
| 264 | 1|aSault Ste. Marie, Ontario : |bNatural Resources Canada, Great Lakes Forestry Centre = Ressources naturelles Canada, Service canadien des forêts, |c[2001]- |
| 310 | |aIrregular |
| 336 | |atext|btxt|2rdacontent |
| 337 | |acomputer|bc|2rdamedia |
| 338 | |aonline resource|bcr|2rdacarrier |
| 362 | 1 |aBegan with bulletin 1 (2001). |
| 500 | |aEach issue also has a distinctive title. |
| 500 | |aIssued also in French under title: Nouvelles express. |
| 588 | |aDescription based on: bulletin 1 (2001). |
| 588 | |aLatest issue consulted: bulletin 85 (2019). |
| 650 | 0|aForests and forestry|zCanada|vPeriodicals. |
| 710 | 2 |aGreat Lakes Forestry Centre. |
| 775 | 08|tNouvelles express.|w(CaOODSP)9.501800 |
| 776 | 0#|tFrontline express / |w(CaOODSP)9.515772 |